00269nam a2200097Ia 4500008004100000082001200041100002700053245007300080260000900153300000900162190415s9999 xx 000 0 und d aRR.004; aReddy, P.H. and others 0aEvaluation of family welfare orientation training camps in Karnataka c1982 a35p.